Bolton MBC v Tudor Properties Limited and Others (Record no. 65054)

MARC details
000 -LEADER
fixed length control field 01354cam a2200229 4500
001 - CONTROL NUMBER
control field ABS62994
008 - FIXED-LENGTH DATA ELEMENTS--GENERAL INFORMATION
fixed length control field 000000n2000 000 0 eng u
035 ## - SYSTEM CONTROL NUMBER
System control number (Sirsi) u108946
245 ## - TITLE STATEMENT
Title Bolton MBC v Tudor Properties Limited and Others
260 ## - PUBLICATION, DISTRIBUTION, ETC.
Date of publication, distribution, etc. 2000
490 ## - SERIES STATEMENT
Series statement Rating and Valuation Reporter
Volume/sequential designation 40 (9) [2000] RVR 292-296(5)
520 ## - SUMMARY, ETC.
Summary, etc. CA 19 April 2000. T's claim for compensation for the compulsory purchase of their freehold interest in 11.186ha land was determined by the LT. In making its valuation the LT held that the scheme which must be disregarded was the leisure development of the land by developers THI. The LT rejected an argument that the scheme which must be ignored was a wider scheme, and gave three reasons why the narrower scheme must be disregarded. The Council appealed. Appeal dismissed because there was no error of law in the LT's reasons for its conclusion on the scope of the scheme underlying the acquisition. Duplicated at [2000] RVR 348-351(4)
590 ## - LOCAL NOTE (RLIN)
Local note ABS
650 ## - SUBJECT ADDED ENTRY--TOPICAL TERM
Topical term or geographic name entry element BOLTON MBC V TUDOR PROPERTIES
650 ## - SUBJECT ADDED ENTRY--TOPICAL TERM
Topical term or geographic name entry element Compulsory purchase
9 (RLIN) 6228
650 ## - SUBJECT ADDED ENTRY--TOPICAL TERM
Topical term or geographic name entry element COMPENSATION
650 ## - SUBJECT ADDED ENTRY--TOPICAL TERM
Topical term or geographic name entry element FREEHOLD INTEREST
650 ## - SUBJECT ADDED ENTRY--TOPICAL TERM
Topical term or geographic name entry element LEISURE DEVELOPMENT
650 ## - SUBJECT ADDED ENTRY--TOPICAL TERM
Topical term or geographic name entry element Valuation
9 (RLIN) 6273
690 ## - LOCAL SUBJECT ADDED ENTRY--TOPICAL TERM (OCLC, RLIN)
Topical term or geographic name as entry element ENVIRONMENTAL AND LAND CONSULTANCY-PLANNING AND DEVELOPMENT-COMPULSORY PURCHASE AND COMPENSATION
942 ## - ADDED ENTRY ELEMENTS (KOHA)
Suppress in OPAC 0
Holdings
Withdrawn status Lost status Source of classification or shelving scheme Damaged status Not for loan Home library Current library Shelving location Date acquired Total Checkouts Barcode Date last seen Copy number Price effective from Koha item type
    Dewey Decimal Classification     London London Journal article 25/10/2000   108946-1001 06/08/2019 1 06/08/2019 Law report